Euro 2020 Group B - Finland - Russia - Statistics

General Stats
  • This quiz has been taken 42 times
  • The average score is 10 of 32
Answer Stats
Player % Correct
Teemu Pukki
89%
Lukáš Hrádecký
78%
Aleksandr Golovin
61%
Artem Dzyuba
58%
Glen Kamara
58%
Mário Fernandes
56%
Joel Pohjanpalo
53%
Robin Lod
42%
Aleksei Miranchuk ¹
36%
Joona Toivio
36%
Paulus Arajuuri
36%
Jere Uronen
33%
Rasmus Schüller
31%
Markku Kanerva
28%
Daniel O'Shaughnessy
25%
Fredrik Jensen
25%
Georgi Dzhikiya
22%
Stanislav Cherchesov
22%
Jukka Raitala
19%
Pyry Soiri
19%
Roman Zobnin
19%
Daler Kuzyayev
17%
Joni Kauko
17%
Matvei Safonov
17%
Lassi Lappalainen
14%
Vyacheslav Karavayev
14%
Dmitri Barinov
11%
Magomed Ozdoyev
11%
Maksim Mukhin
11%
Rifat Zhemaletdinov
11%
Aleksandr Sobolev
8%
Igor Diveev
8%
No matching quizzes found
Score Distribution
Percent of People with Each Score
Percentile by Number Answered
Your Score History
You have not taken this quiz